Responses for Show #5306 - Monday, October 8, 2007

2007 Kids Week game 1.

Contestants

[<< previous game]

Nicole Karrow, an 11-year-old from Lewes, Delaware

Harry Haghanegi, a 10-year-old from Chicago, Illinois

Kizzle Cote, a 12-year-old from Ludlow, Massachusetts

[next game >>]

Jeopardy! Round responses

THE SUPREME COURT
KID ROCK
THIS MEANS WAR!
FAMOUS MOMS
WHAT A MONTH!
YOU JUST MADE THE "A" LIST
    $200 26
(Alex: Freedom of speech--[*].)

the First Amendment

Triple Stumper
    $200 1
"Row, Row, Row Your Boat"

Harry
    $200 5
the Civil War

Nicole
    $200 2
Moses

Harry
    $200 3
July

Nicole
    $200 6
Alaska

Harry
    $400 27
[The end-of-round signal sounds.]

swearing in

Nicole
    $400 9
"Mary Had A Little Lamb"

Kizzle
    $400 22
minutemen

Nicole
    $400 4
Elizabeth II

Harry
    $400 7
February

Harry
    $400 11
(Nicole: What is a dock?)
...
(Alex: Remember, all the correct responses begin with the letter "A".)

an anchor

KizzleNicole
    $600 10
"Frère Jacques"

Nicole
    $600 23
Texas

Harry
    $600 18
(Alex: She wanted it in [*] instead of May.)

June

Triple Stumper
    $600 8
October

Kizzle
    $600 12
an alligator

Kizzle
    $800 15
(Kizzle: What is knick-knack paddywhack give the dog a bone?)
...
(Alex: We wanted you to name the player, and it's [*]. He played di, di, di...)

this old man

Kizzle
Triple Stumper
    $800 24
the Vietnam War

Kizzle
    $800 17
Napoléon

Harry
    $800 20
November

Harry
    $800 13
(Nicole: What is a speaker?)

an amp (or amplifier)

KizzleNicole
    $1000 16
(Alex: The itsy-bitsy [*], yes.)

the spider

Nicole
    $1000 25
France

Kizzle
    $1000 19
Marie Curie

Harry
    $1,000 21
March

Harry
    $1000 14
Aristotle

Kizzle

Scores at the first commercial break (after clue 15):

Kizzle Harry Nicole
$3,000 $1,400 -$200

Scores at the end of the Jeopardy! Round:

Kizzle Harry Nicole
$4,800 $5,600 $1,600

Double Jeopardy! Round responses

SCIENCE
PBS
IN MY FREE TIME
WE MAKE THAT!
BODIES OF WATER
VOCABULARY
    $400 14
gravity

Nicole
    $400 1
Sesame Street

Harry
    $400 8
a unicycle

Harry
    $400 18
(Nicole: What is Nintendo?)

Sony

KizzleNicole
    $400 2
Hudson Bay

Harry
    $400 21
[This clue was shown on the 2018-02-06 episode of Fresh Off the Boat which supposedly was taking place in 1998.]

dinosaur

Harry
    $800 17
atoms

Nicole
    $800 4
Curious George

Nicole
    $800 10
tea

Nicole
    $800 19
(Nicole: What is Conagra?)

Campbell's

KizzleNicole
    $800 3
the Thames

Harry
    $800 27
robot

Nicole
    $1200 22
oxygen

Kizzle
    $1200 5
Reading Rainbow

Nicole
    $1200 11
(Nicole: What is, uhhh...)

croquet

KizzleNicole
    $1200 20
Microsoft

Nicole
    $1200 9
the Indian Ocean

Nicole
    $1600 23
the atmosphere

Harry
    $1600 6
(Harry: What is "Jeepers!"?)

Jakers!

Harry
Triple Stumper
    $2,000 15
(Nicole: What is Egyptian?)

Greek

Nicole
    $1600 25
Kellogg's

Nicole
    $1600 12
the Tigris

Harry
    $2,000 28
a simile

Nicole
    $2000 24
currents

Triple Stumper
    $2000 7
Maya & Miguel

Nicole
    $2000 16
the cello

Harry
    $2000 26
Toyota

Harry
    $2000 13
Lake Geneva

Triple Stumper
    $2000 29
[The end-of-round signal sounds.]

zoological

Harry

Scores at the end of the Double Jeopardy! Round:

Kizzle Harry Nicole
$8,400 $15,600 $10,000

[wagering suggestions for these scores]

Final Jeopardy! Round responses

LITERARY TITLE ADJECTIVES
KizzleWhat is old & ?
$7,400
NicoleWhat is plain and tall?
$9,999
HarryWhat is ?
$0
plain & tall

Final scores:

Kizzle Harry Nicole
$1,000 $15,600 $19,999
3rd place: $1,000 + the Jeopardy! DVD Home Game System 2nd place: $2,000 + the Jeopardy! DVD Home Game System Winner: $19,999 + the Jeopardy! DVD Home Game System

Game dynamics:

Coryat scores:

Kizzle Harry Nicole
$8,400 $15,600 $11,600
12 R,
1 W
20 R
(including 1 DD),
1 W
17 R
(including 1 DD),
6 W
(including 1 DD)

Combined Coryat: $35,600

[game clues] [game scores] [suggest correction]

Game tape date: 2007-08-20
The J! Archive is created by fans, for fans. Scraping, republication, monetization, and malicious use prohibited; this site may use cookies and collect identifying information. See terms. The Jeopardy! game show and all elements thereof, including but not limited to copyright and trademark thereto, are the property of Jeopardy Productions, Inc. and are protected under law. This website is not affiliated with, sponsored by, or operated by Jeopardy Productions, Inc. Join the discussion at JBoard.tv.